Advanced fixed income portfolio management : the state of art
| Main Author: | |
|---|---|
| Format: | Book |
| Published: |
Tokyo :
Probus Publication ,
1994
|
| Subjects: |
MARC
| LEADER | 00000cam a2200000 7i4500 | ||
|---|---|---|---|
| 001 | 0000003648 | ||
| 005 | 20050505.0 | ||
| 020 | |a 1557385688 | ||
| 040 | |a INS | ||
| 090 | 0 | 0 | |a HG4650. |b F327 1994 |
| 100 | 1 | |a Fabozzi, Frank J. | |
| 245 | 1 | 0 | |a Advanced fixed income portfolio management : |b the state of art |c Frank J. Fabozzi |
| 260 | |a Tokyo : |b Probus Publication , |c 1994 | ||
| 300 | |a 360p | ||
| 650 | 0 | 0 | |a Portfolio management |
| 999 | |a 0000006130 |b BOOK |c Open Shelf |e Default branch | ||